| 000 | 00852nab a2200253 u 4500 | ||
|---|---|---|---|
| 001 | 14688 | ||
| 003 | HDC | ||
| 007 | cr bn ---aaaaa | ||
| 008 | 210215c20140625my dr|nes 0 a may d | ||
| 040 | _aHDC | ||
| 100 |
_aIhsan Noorzali _eauthor _915143 |
||
| 245 | 0 |
_aPenapis air berasas sisik ikan / oleh _cIhsan Noorzali |
|
| 260 |
_aKuala Lumpur : _bThe New Straits Times Press (M) Bhd., _c2014 |
||
| 336 |
_atext _2rdacontent |
||
| 337 |
_acomputer _2rdamedia |
||
| 338 |
_aonline resource _2rdacarrier |
||
| 650 |
_afish scales _915145 |
||
| 650 |
_awater filter _zMalaysia _915144 |
||
| 710 | _aHarian Metro | ||
| 856 | _zRequest full-text at [email protected] | ||
| 942 | _2lcc | ||
| 942 | _cNEWS | ||
| 942 | _kNWSC 005604 | ||
| 999 |
_c12004 _d12004 |
||